00380 2200157 4500001002100000005001500021035002000036245004900056100001500105300001200120260003500132082000800167084001400175020002100189990001200210INLIS00000000000169520250430085356 a0010-04250001111 aTentang Semua Yang Ada Di Bumi /cAesteuticc0 aAesteuticc a142 hlm aJakarta :bPT. Grasindo,c2019 a400 a400 AES t a978-602-0522-401 a0754648